| Tag |
First Indicator |
Second Indicator |
Subfields |
| LEADER |
00000cam a2200000Ka 4500 |
| 001 |
in00003500607 |
| 006 |
m o d |
| 007 |
cr bn||||||abp |
| 007 |
cr bn||||||ada |
| 008 |
100626s1990 gw a ob 000 0 eng d |
| 005 |
20260422220641.8 |
| 019 |
|
|
|a 150398751
|a 321283757
|a 874515574
|
| 020 |
|
|
|a 9783540468912 (electronic bk.)
|
| 020 |
|
|
|a 3540468919 (electronic bk.)
|
| 020 |
|
|
|z 3540534741 (Berlin : acid-free paper)
|
| 020 |
|
|
|z 9783540534747 (Berlin : acid-free paper)
|
| 020 |
|
|
|z 0387534741 (New York : acid-free paper)
|
| 020 |
|
|
|z 9780387534749 (New York : acid-free paper)
|
| 035 |
|
|
|a (OCoLC)643754732
|z (OCoLC)150398751
|z (OCoLC)321283757
|z (OCoLC)874515574
|
| 040 |
|
|
|a OCLCE
|b eng
|e pn
|c OCLCE
|d OCLCQ
|d NLGGC
|d OCLCO
|d CUSER
|d C$Q
|d GW5XE
|d OCLCQ
|d OCLCF
|d OCLCQ
|d UtOrBLW
|
| 042 |
|
|
|a dlr
|
| 049 |
|
|
|a TXAM
|
| 050 |
|
4 |
|a G70.2
|b .O55 1990
|
| 082 |
0 |
4 |
|a 910/.285574
|2 20
|
| 084 |
|
|
|a 74.03
|2 bcl
|
| 100 |
1 |
|
|a Ooi, Beng Chin,
|d 1961-
|
| 245 |
1 |
0 |
|a Efficient query processing in geographic information systems /
|c Beng Chin Ooi.
|
| 264 |
|
1 |
|a Berlin ;
|a New York :
|b Springer-Verlag,
|c [1990]
|
| 264 |
|
4 |
|c ©1990
|
| 300 |
|
|
|a 1 online resource (viii, 208 pages) :
|b illustrations.
|
| 336 |
|
|
|a text
|b txt
|2 rdacontent
|
| 337 |
|
|
|a computer
|b c
|2 rdamedia
|
| 338 |
|
|
|a online resource
|b cr
|2 rdacarrier
|
| 490 |
1 |
|
|a Lecture notes in computer science,
|v 471
|
| 500 |
|
|
|a Based on the author's Ph. D. dissertation.
|
| 504 |
|
|
|a Includes bibliographical references (pages 181-195).
|
| 538 |
|
|
|a Master and use copy. Digital master created according to Benchmark for Faithful Digital Reproductions of Monographs and Serials, Version 1. Digital Library Federation, December 2002.
|u http://purl.oclc.org/DLF/benchrepro0212
|5 MiAaHDL
|
| 583 |
1 |
|
|a digitized
|c 2010
|h HathiTrust Digital Library
|l committed to preserve
|2 pda
|5 MiAaHDL
|
| 520 |
|
|
|a This monograph describes methods for extending relational database systems for geographic applications. The ways in which a relational database system is supplemented with unconventional spatial indexing structures, additional spatial subsystems and query processors are described in great detail. The work presents an extensive survey of existing spatial indexing techniques and a taxonomy of the extensions to the multidimensional indexing structures. An extensive experimental analysis of spatial indexes is presented. The work covers the following areas: - the design of geographic information systems (GIS) - extended query languages for GIS - spatial indexing mechanisms - query processing strategies. The author presents his own skd-trees and extended query optimization strategies. The survey of spatial indexing structures for non-zero sized objects provides a framework for workers in the field of spatial information systems to evaluate spatial access methods. The consideration of query optimization will assist understanding of the role of that topic in GIS.
|
| 588 |
|
|
|a Description based on print version record.
|
| 500 |
|
|
|a Electronic resource.
|
| 650 |
|
0 |
|a Geographic information systems.
|
| 650 |
|
0 |
|a Electronic data processing
|x Distributed processing.
|
| 650 |
|
4 |
|a cartographie.
|
| 650 |
|
4 |
|a SGBD.
|
| 650 |
|
4 |
|a base donnée géographique.
|
| 650 |
|
4 |
|a optimisation question.
|
| 650 |
|
4 |
|a langage interrogation.
|
| 650 |
|
4 |
|a GEOQL.
|
| 650 |
|
4 |
|a système information géographique.
|
| 650 |
|
6 |
|a Systèmes d'information géographique.
|
| 650 |
|
6 |
|a Traitement réparti.
|
| 650 |
1 |
7 |
|a Geografische informatiesystemen.
|2 gtt
|
| 650 |
1 |
7 |
|a Information storage and retrieval.
|2 gtt
|
| 650 |
|
7 |
|a Bases de données
|x Interrogation.
|2 ram
|
| 650 |
0 |
7 |
|a Geoinformationssystem.
|2 swd
|
| 650 |
0 |
7 |
|a Abfragesprache.
|2 swd
|
| 650 |
|
7 |
|a Electronic data processing
|x Distributed processing.
|2 fast
|0 (OCoLC)fst00906987
|
| 650 |
|
7 |
|a Geographic information systems.
|2 fast
|0 (OCoLC)fst00940423
|
| 655 |
|
7 |
|a Electronic books.
|2 local
|
| 710 |
2 |
|
|a SpringerLink (Online service)
|
| 776 |
1 |
8 |
|i Print version:
|a Ooi, Beng Chin, 1961-
|t Efficient query processing in geographic information systems.
|d Berlin ; New York : Springer-Verlag, ©1990
|w (DLC) 90023810
|w (OCoLC)22809459
|
| 776 |
1 |
8 |
|i Online version:
|a Ooi, Beng Chin, 1961-
|t Efficient query processing in geographic information systems.
|d Berlin ; New York : Springer-Verlag, ©1990
|w (OCoLC)874515574
|
| 830 |
|
0 |
|a Lecture notes in computer science ;
|v 471.
|
| 856 |
4 |
0 |
|u http://proxy.library.tamu.edu/login?url=https://link.springer.com/10.1007/BFb0019984
|z Connect to the full text of this electronic book
|t 0
|
| 994 |
|
|
|a 92
|b TXA
|
| 999 |
|
|
|a MARS
|
| 999 |
f |
f |
|s 29cdddd8-de36-3ac6-a58e-fd11fdafcdb8
|i c9dd8789-dbbb-3fdf-9efc-672449c7cdd6
|t 0
|
| 952 |
f |
f |
|a Texas A&M University
|b College Station
|c Electronic Resources
|s www_evans
|d Available Online
|t 0
|e G70.2 .O55 1990
|h Library of Congress classification
|
| 998 |
f |
f |
|a G70.2 .O55 1990
|t 0
|l Available Online
|